Zrod výskumu verejnej mienky na Slovensku: inštitucionálne a politické súvislosti

Štúdia je venovaná popisu existencie prvej inštitúcie pre výskum verejnej mienky a zrodu výskumu verejnej mienky na Slovensku. Inštitucionálne a politické súvislosti.

Salvato in:
Dettagli Bibliografici
Autore principale: Tížik, Miroslav
Natura: Capitolo di libro
Lingua:slovacco
Soggetti:
Tags: Aggiungi Tag
Nessun Tag, puoi essere il primo ad aggiungerne!!

MARC

LEADER 00000naa a2200000 4500
001 0283166
005 20220412080833.7
041 0 |a slo 
044 |a SK 
245 1 0 |a Zrod výskumu verejnej mienky na Slovensku: inštitucionálne a politické súvislosti  |c Miroslav Tížik 
520 |a Štúdia je venovaná popisu existencie prvej inštitúcie pre výskum verejnej mienky a zrodu výskumu verejnej mienky na Slovensku. Inštitucionálne a politické súvislosti. 
610 2 0 |a Slovensko 
610 2 0 |a mienka verejná 
610 2 0 |a vývoj spoločenský 
610 2 0 |a informácie 
610 2 0 |a história 
610 2 0 |a výskum sociologický 
100 1 |a Tížik, Miroslav